| 000 | 01710nam a22002297a 4500 | ||
|---|---|---|---|
| 999 |
_c63847 _d63847 |
||
| 003 | Ge_BSU | ||
| 005 | 20260203200910.0 | ||
| 008 | 260203s2021 ge ||||| |||| 00| 0 geo d | ||
| 020 | _a9789941836619 | ||
| 041 | _ageo | ||
| 080 | _a342(479.22)(075.8) დ-32 | ||
| 100 |
_aდემეტრაშვილი, ავთანდილ _926802 |
||
| 245 |
_aკონსტიტუციური სამართალი : _bსახელმძღვანელო / _cავთანდილ დემეტრაშვილი, სოფიო დემეტრაშვილი; სულხან-საბა ორბელიანის უნივერსიტეტი. |
||
| 264 |
_aთბილისი : _bსულხან-საბა ორბელიანის უნივერსიტეტის გამომცემლობა, _c2021. |
||
| 300 |
_a444 გვ. ; _b24 სმ. |
||
| 500 | _aყდაზე: ჯონ ლოკი, შარლ ლუი დე მონტესკიე, ილია ჭავჭავაძე, (გიგო გაბაშვილის ნახატი) და ნიკო ნიკოლაძე (გიორგი გეგეჭკორის ნახატი). | ||
| 504 | _aბიბლიოგრაფია ტექსტის შენიშვნებში. | ||
| 653 | _aკონსტიტუციური სამართალი | ||
| 700 |
_aდემეტრაშვილი, სოფიო _eავტორი _99270 |
||
| 710 |
_aსულხან-საბა ორბელიანის უნივერსიტეტი _926803 |
||
| 942 |
_2udc _cᲬᲘᲒᲜᲘ |
||